| 000 | 00407 a2200157 4500 | ||
|---|---|---|---|
| 005 | 20250625130230.0 | ||
| 020 | _a-13:978-0-07-821165-5 | ||
| 082 | _a651.7'5 KER | ||
| 100 | _aKERBEY, E. | ||
| 245 | _aProfessional Business Writing. | ||
| 250 | _a7th Ed. | ||
| 260 |
_aNew York, _bMc Graw-Hill Irwin, _c2002. |
||
| 300 |
_avi, 484p.: figure _bIndex _c27cm |
||
| 700 | _aSATTERWHITE, M. L. | ||
| 942 |
_2ddc _cBKS |
||
| 999 |
_c5059 _d5059 |
||